CAPITALISM WITHOUT CAPITAL THE RISE OF T (Record no. 32575)

MARC details
000 -LEADER
fixed length control field 00357nam a2200133Ia 4500
008 - FIXED-LENGTH DATA ELEMENTS--GENERAL INFORMATION
fixed length control field 240624s9999 xx 000 0 und d
041 ## - LANGUAGE CODE
Language code of text/sound track or separate title eng
082 ## - DEWEY DECIMAL CLASSIFICATION NUMBER
Classification number 330.122 HAS
100 ## - MAIN ENTRY--PERSONAL NAME
Personal name HASKEL JONATHAN
245 ## - TITLE STATEMENT
Title CAPITALISM WITHOUT CAPITAL THE RISE OF T
260 ## - PUBLICATION, DISTRIBUTION, ETC.
Date of publication, distribution, etc. 2018
Place of publication, distribution, etc. New Jersey
Name of publisher, distributor, etc. Princeton University Press
300 ## - PHYSICAL DESCRIPTION
Extent 278p. ;23cm.
365 ## - TRADE PRICE
Currency code
Price amount 33
Holdings
Withdrawn status Lost status Damaged status Not for loan Home library Current library Shelving location Date acquired Total Checkouts Full call number Barcode Date last seen Date last checked out Copy number Price effective from Koha item type
        IMTN IMTN Rack 7-A 01/07/2022 1 330.122 HAS 32575 08/28/2024 07/06/2024 78.2 06/24/2024 Books
Designed & Maintained by: LRC IMT Nagpur Contact: lrc@imtnag.ac.in© 2024. All Rights Reserved.